| 000 | 00561cam a2200181 4500 | ||
|---|---|---|---|
| 008 | 120511n 000 0 eng u | ||
| 020 | _a0683301470 | ||
| 035 | _a(Sirsi) a176125 | ||
| 040 | _aCIP | ||
| 050 | _aRC 46 ESS 1998 | ||
| 245 |
_aEssentials of family medicine/ _cedited by Philip D.Sloane... [et al.]. |
||
| 250 | _a3rd ed. | ||
| 260 |
_aBaltimore: _bWilliams and Wilkins, _c1998. |
||
| 300 |
_axv, 729p.: _bill. |
||
| 504 | _aincludes bibliographical references and index | ||
| 650 | _afamily practice | ||
| 700 | _aSloane, Philip D...[et al.]. | ||
| 999 |
_c49096 _d49096 |
||